MBFC Black Face - Statistiques

Statistiques générales
  • Ce quiz a été pris 14 fois
  • Le résultat moyen est 21 sur 22
Statistiques - réponses
Par images Réponse % Correct
Batou
100%
Benjamin
100%
Coco
100%
Eithan
100%
Gab
100%
Jules
100%
Louis
100%
Lucas
100%
Moniz
100%
Pratti
100%
Sami
100%
Thib
100%
Tugos
100%
TyMatt
100%
Wasson
100%
Elliot
91%
Maixence
91%
Maxime
91%
Noah
91%
Gérard
82%
Thomas
82%
Pitouson
55%
Aucun quiz correspondant
Distribution des résultats
% des personnes avec chaque résultat
Percentile par nombre de réponses
Votre historique - résultats
Vous n’avez pas pris ce quiz